[Event "Skakligaen 2023-24"]
[Site "Denmark"]
[Date "2024.04.07"]
[Round "9.4"]
[Board "4"]
[White "Vinther Schou, Uffe"]
[Black "Smith, Axel"]
[Result "1/2-1/2"]
[WhiteElo "2345"]
[BlackElo "2428"]
[PlyCount "157"]
[WhiteTeam "AarhusSkolerne"]
[BlackTeam "Koge"]
[WhiteTeamCountry "DEN"]
[BlackTeamCountry "DEN"]
[EventDate "2023.10.28"]
[EventType "team-tourn"]
[EventRounds "9"]
[EventCountry "DEN"]
[SourceTitle "Live v. Kasper Jerwiarz"]
[Table "4"]

1. e4 c5 2. Nf3 g6 3. c3 d5 4. exd5 Qxd5 5. d4 Bg7 
6. dxc5 Qxc5 7. Be3 Qc7 8. Bb5+ Nd7 9. O-O Ngf6 10. Re1 O-O 
11. Bd4 a6 12. Bf1 Re8 13. Ne5 Nxe5 14. Bxe5 Qb6 15. Qb3 Qc6 
16. Bc4 e6 17. Nd2 Nd7 18. Bxg7 Kxg7 19. Nf3 Nc5 20. Qd1 Qc7 
21. Qd4+ f6 22. b4 Na4 23. Bb3 Nxc3 24. Qe3 Nb5 25. Rac1 Qd6 
26. Rc4 e5 27. Rd1 Qe7 28. a4 Nd6 29. Rc3 Bg4 30. Qb6 Rac8 
31. Rc5 Rxc5 32. bxc5 Nf5 33. c6 bxc6 34. Qxa6 Bxf3 35. gxf3 Nd4 
36. Rd3 Rb8 37. Qc4 g5 38. Ba2 Ne2+ 39. Kf1 Nf4 40. Rd2 c5 
41. a5 Qb7 42. Qc2 Qc8 43. Rd6 Rb7 44. Ke1 Qc7 45. a6 Ra7 
46. Bb1 Ng6 47. Qd2 c4 48. Bf5 Qc5 49. Rd7+ Kh6 50. Rxa7 Qxa7 
51. Qd6 c3 52. Bd3 g4 53. Qxf6 Qd4 54. Qf5 gxf3 55. Qe4 c2 
56. Bxc2 Qa1+ 57. Kd2 Qa5+ 58. Ke3 Qxa6 59. Kxf3 Qf6+ 60. Kg3 Qg5+ 
61. Qg4 Qc1 62. Bxg6 Qg1+ 63. Kh3 Qf1+ 64. Kg3 Qg1+ 65. Kh3 Qxg4+ 
66. Kxg4 Kxg6 67. f4 e4 68. f5+ Kf6 69. Kf4 e3 70. Kxe3 Kxf5 
71. Kf3 Kg5 72. Kg3 h6 73. h3 h5 74. h4+ Kf5 75. Kf3 Ke5 
76. Ke3 Kf5 77. Kf3 Ke5 78. Ke3 Kf5 79. Kf3 1/2-1/2

[Event "Skakligaen 2023-24"]
[Site "Denmark"]
[Date "2024.04.07"]
[Round "9.5"]
[Board "5"]
[White "Ahlander, Bjorn"]
[Black "Sobjerg, Erik"]
[Result "1-0"]
[WhiteElo "2371"]
[BlackElo "2273"]
[PlyCount "93"]
[WhiteTeam "Koge"]
[BlackTeam "AarhusSkolerne"]
[WhiteTeamCountry "DEN"]
[BlackTeamCountry "DEN"]
[EventDate "2023.10.28"]
[EventType "team-tourn"]
[EventRounds "9"]
[EventCountry "DEN"]
[SourceTitle "Live v. Kasper Jerwiarz"]
[Table "5"]

1. d4 d5 2. Nf3 e6 3. g3 Nf6 4. Bg2 Bd6 5. O-O O-O 
6. c4 h6 7. Nc3 Nc6 8. c5 Be7 9. Rb1 Ne4 10. Ne1 e5 
11. Nxe4 dxe4 12. d5 Bxc5 13. Bxe4 f5 14. Bg2 Ne7 15. b4 Bd6 
16. Bb2 Ng6 17. Qb3 Qe8 18. Nd3 b6 19. e4 a5 20. b5 f4 
21. a4 Nh4 22. f3 fxg3 23. hxg3 Nxg2 24. Kxg2 Qh5 25. Nf2 Rf6 
26. f4 exf4 27. Bxf6 fxg3 28. e5 Qh2+ 29. Kf3 gxf2 30. exd6 Bh3 
31. Rxf2 Bg4+ 32. Kxg4 Qxf2 33. Be7 Qg2+ 34. Kf4 Qf2+ 35. Qf3 Qd2+ 
36. Qe3 g5+ 37. Ke4 Qc2+ 38. Qd3 Qxa4+ 39. Qd4 Qc2+ 40. Qd3 Qa4+ 
41. Ke3 Qf4+ 42. Ke2 Qh2+ 43. Kd1 Qg1+ 44. Kc2 Qc5+ 45. Kb2 Qb4+ 
46. Ka2 Qa4+ 47. Qa3 1-0

[Event "Skakligaen 2023-24"]
[Site "Denmark"]
[Date "2024.04.07"]
[Round "9.6"]
[Board "6"]
[White "Baekgaard, Martin"]
[Black "Istvanovszki, Martin"]
[Result "1/2-1/2"]
[WhiteElo "2246"]
[BlackElo "2309"]
[PlyCount "38"]
[WhiteTeam "AarhusSkolerne"]
[BlackTeam "Koge"]
[WhiteTeamCountry "DEN"]
[BlackTeamCountry "DEN"]
[EventDate "2023.10.28"]
[EventType "team-tourn"]
[EventRounds "9"]
[EventCountry "DEN"]
[SourceTitle "Live v. Kasper Jerwiarz"]
[Table "6"]

1. e4 c5 2. Nf3 d6 3. c3 Nf6 4. h3 g6 5. Bd3 Bg7 
6. O-O Nc6 7. Re1 O-O 8. Bc2 Nd7 9. Na3 Rb8 10. Ba4 Qa5 
11. Nc4 Qc7 12. Ne3 b5 13. Bc2 b4 14. a3 bxc3 15. dxc3 Nb6 
16. h4 Ne5 17. Nxe5 Bxe5 18. h5 Be6 19. Qe2 Qb7 1/2-1/2

[Event "Skakligaen 2023-24"]
[Site "Denmark"]
[Date "2024.04.07"]
[Round "9.7"]
[Board "7"]
[White "Meskenas, Paulius"]
[Black "Pedersen, Finn"]
[Result "0-1"]
[WhiteElo "2181"]
[BlackElo "2282"]
[PlyCount "98"]
[WhiteTeam "Koge"]
[BlackTeam "AarhusSkolerne"]
[WhiteTeamCountry "DEN"]
[BlackTeamCountry "DEN"]
[EventDate "2023.10.28"]
[EventType "team-tourn"]
[EventRounds "9"]
[EventCountry "DEN"]
[SourceTitle "Live v. Kasper Jerwiarz"]
[Table "7"]

1. e4 c6 2. d4 d5 3. Nc3 dxe4 4. Nxe4 Nf6 5. Nxf6+ exf6 
6. c3 Bf5 7. Bf4 Bd6 8. Bxd6 Qxd6 9. Bd3 Bg6 10. Ne2 Nd7 
11. Qc2 O-O-O 12. O-O-O Qd5 13. Kb1 Qxg2 14. Ng3 Rhe8 15. Nf5 Bxf5 
16. Bxf5 g6 17. Bd3 Nb6 18. Rhg1 Qf3 19. Qb3 Rd7 20. a4 Kc7 
21. a5 Nd5 22. a6 bxa6 23. Qa3 Rb8 24. Rd2 Rb6 25. c4 Nb4 
26. c5 Rb7 27. Qa5+ Kc8 28. Bxa6 Nxa6 29. Qxa6 Qd5 30. Re1 Kd8 
31. Qa5+ Kc8 32. Qa6 Kd8 33. Qa5+ Kc8 34. Re8+ Rd8 35. Rxd8+ Qxd8 
36. Qa6 Qd5 37. Re2 Qd7 38. Re3 Kd8 39. d5 Rb5 40. Ka1 Rxc5 
41. d6 Qf5 42. Ra3 Rc1+ 43. Ka2 Qb1+ 44. Kb3 Rc5 45. Qe2 Re5 
46. Qf3 Rb5+ 47. Kc4 Qxb2 48. Rc3 Qa2+ 49. Kd4 Qd2+ 0-1

[Event "Skakligaen 2023-24"]
[Site "Denmark"]
[Date "2024.04.07"]
[Round "9.8"]
[Board "8"]
[White "Hagen, Kresten Skytte"]
[Black "Nord, Alexander"]
[Result "1/2-1/2"]
[WhiteElo "2121"]
[BlackElo "2222"]
[PlyCount "50"]
[WhiteTeam "AarhusSkolerne"]
[BlackTeam "Koge"]
[WhiteTeamCountry "DEN"]
[BlackTeamCountry "DEN"]
[EventDate "2023.10.28"]
[EventType "team-tourn"]
[EventRounds "9"]
[EventCountry "DEN"]
[SourceTitle "Live v. Kasper Jerwiarz"]
[Table "8"]

1. Nf3 d5 2. d4 Nf6 3. c4 c6 4. cxd5 cxd5 5. Nc3 Nc6 
6. Bf4 a6 7. e3 Bf5 8. Be2 Rc8 9. O-O e6 10. Qb3 Na5 
11. Qa4+ Nd7 12. Rac1 Nc4 13. Ne5 Bd6 14. Nxd7 Qxd7 15. Bxd6 Nxd6 
16. Qxd7+ Kxd7 17. Na4 Kd8 18. Nc5 a5 19. Nb3 b6 20. Ba6 Rxc1 
21. Rxc1 Kd7 22. f3 Ra8 23. Be2 Bg6 24. Kf2 f6 25. Ke1 Rc8 
1/2-1/2